UBT Library

Building classroom discipline / (Record no. 43297)

000 -LEADER
fixed length control field 00853cam a2200265 a 4500
001 - CONTROL NUMBER
control field 14561911
005 - DATE AND TIME OF LATEST TRANSACTION
control field 20180223081605.0
008 - FIXED-LENGTH DATA ELEMENTS--GENERAL INFORMATION
fixed length control field 060921s2008 maua b 001 0 eng
010 ## - LIBRARY OF CONGRESS CONTROL NUMBER
LC control number 2006052008
020 ## - INTERNATIONAL STANDARD BOOK NUMBER
International Standard Book Number 0205510728
020 ## - INTERNATIONAL STANDARD BOOK NUMBER
International Standard Book Number 9780205510726
035 ## - SYSTEM CONTROL NUMBER
System control number (OCoLC)ocm71810170
035 ## - SYSTEM CONTROL NUMBER
System control number (OCoLC)71810170
040 ## - CATALOGING SOURCE
Original cataloging agency DLC
Transcribing agency DLC
Modifying agency BAKER
-- C#P
-- BTCTA
-- YDXCP
-- DLC
041 ## - LANGUAGE CODE
Language code of text/sound track or separate title eng
080 ## - UNIVERSAL DECIMAL CLASSIFICATION NUMBER
Universal Decimal Classification number 371.5
082 00 - DEWEY DECIMAL CLASSIFICATION NUMBER
Classification number 371.5 CHAR
Edition number 22
100 1# - Rafti
Rafti 25
101 ## - Shkurtesa
Shkurtesa EDU
245 10 - TITLE STATEMENT
Title Building classroom discipline /
Statement of responsibility, etc C.M. Charles ; collaboration by Gail W. Senter.
504 ## - BIBLIOGRAPHY, ETC. NOTE
Bibliography, etc Includes bibliographical references (p. 294-300) and index.
906 ## - LOCAL DATA ELEMENT F, LDF (RLIN)
a 7
b cbc
c orignew
d 1
e ocip
f 20
g y-gencatlg
942 ## - ADDED ENTRY ELEMENTS (KOHA)
Source of classification or shelving scheme
Item type Books
Holdings
Withdrawn status Lost status Source of classification or shelving scheme Damaged status Not for loan Collection code Permanent location Current location Shelving location Date acquired Total Checkouts Full call number Barcode Date last seen Price effective from Koha item type
          Koleksioni i përgjithshem UBT - Lipjan UBT - Lipjan Koleksioni i përgjithshem 02/23/2018   371.5 CHAR 002-2999672 02/23/2018 02/23/2018 Books
UBT Library © 2015-2024. All rights reserved University Education for Business and Technology